书目信息 |
| 书名: | X-ray emission and absorption wavelengths and two-theta tables | |
| 作者: | Prepared by E. W. White [and] G. G. Johnson, Jr. | |
| 分册号: | ||
| 分册名: | 出版地: | Philadelphia : |
|
| 出版社: | American Society for Testing and Materials | |
| 出版时间: | [1970]. | |
| 页数: | vii, 293 p. ; | |
| 开本: | 24 x 32 cm. | |
| 丛书名: | ||
| 中图分类号: | ||
| 科图分类号: | ||
| 其他分类号: | R14 | |
| 主题词: | ||
| 电子资源: | ||
| 000 | 01129nam 2200253 4504 | |
| 001 | E0755020380 | |
| 005 | 20070305151713.71 | |
| 008 | 0010 eng | |
| 010 | @a72115226 | |
| 090 | @aP359.22/W1 | |
| 090 | @aR14 | |
| 099 | @dR14@ex2 | |
| 100 | 1 | @aWhite, Eugene Wilbert. |
| 245 | 10 | @aX-ray emission and absorption wavelengths and two-theta tables / @cPrepared by E. W. White [and] G. G. Johnson, Jr. |
| 250 | @a2d ed. | |
| 260 | 0 | @aPhiladelphia :@bAmerican Society for Testing and Materials,@c[1970]. |
| 300 | @avii, 293 p. ;@c24 x 32 cm. | |
| 490 | 1 | @aASTM data series,@vDS 37A. |
| 500 | @aFirst ed., by the Committee E-2 on Emission Spectroscopy of the American Society for Testing and Materials, issued in 1965 under title: X-ray emission line wavelength and two-theta tables. | |
| 500 | @a"Sponsored by ASTM Committee E-2 on Emission Spectroscopy." | |
| 650 | 0 | @aX-ray spectroscopy@xTables. |
| 700 | 1 | @aJohnson, Gerald Glenn,@d1939- |
| 710 | 2 | @aASTM Committee E-2 on Emission Spectroscopy.@tX-ray emission line wavelength and two-theta tables. |
| 830 | 0 | @aASTM data series publication,@vDS 37A. |
| X-ray emission and absorption wavelengths and two-theta tables / / Prepared by E. W. White [and] G. G. Johnson, Jr.-2d ed.-Philadelphia : : American Society for Testing and Materials, , [1970]. |
| vii, 293 p. ; ; 24 x 32 cm.- (ASTM data series, DS 37A. ) |
| First ed., by the Committee E-2 on Emission Spectroscopy of the American Society for Testing and Materials, issued in 1965 under title: X-ray emission line wavelength and two-theta tables.-"Sponsored by ASTM Committee E-2 on Emission Spectroscopy." |
| ISBN |
| ● |
| 相关链接 |
|
|
|
|
正题名:X-ray emission and absorption wavelengths and two-theta tables
索取号:R14/x2
 
预约/预借
| 序号 | 登录号 | 条形码 | 馆藏地/架位号 | 状态 | 备注 |
| 1 | 0000074 | 300000745 | 密集书库/ [索取号:R14/x2] | 在馆 | |
| 2 | 0000078 | 300000781 | 第四借阅区/ [索取号:R14/x2] | 在馆 | |
| 3 | 0000095 | 300000950 | 第四借阅区/ [索取号:R14/x2] | 在馆 | |
| 4 | 0000099 | 300000996 | 密集书库/ [索取号:R14/x2] | 在馆 | |
| 5 | 0000103 | 300001030 | 密集书库/ [索取号:R14/x2] | 在馆 |